000 00798nam a2200253Ia 4500
003 OSt
005 20220926002542.0
006 a|||||r|||| 00| 0
007 ta
008 220923b |||||||| |||| 00| 0 eng d
020 _a9788123755564
_c63.75
037 _b4973, 07/06/2013, RAJKIRAN BOOK AGENCY
_cGeneral Book
040 _aRTL
_cRTL
_beng
041 _2eng
_aeng
082 _azG, P9
100 _aSINGH Neerja
_9306026
245 0 _aGandhi Patel
_b Letters and speeches differences within consensus.
260 _a New Delhi
_bNational Book Trust
_c2009
300 _axix,203p.
_ccm.
500 _aBibliography chapterwise
650 _aSociology
942 _hzG, P9
_cGB
_2CC
999 _c605386
_d605386